Focus sur: Barjow - Harry Potter - Statistiques

Statistiques générales
  • Ce quiz a été pris 72 fois
  • Le résultat moyen est 4 sur 5
Statistiques - réponses
Informations recherchées Réponses % Correct
Associé Caractacus Beurk
95%
Première apparition Harry Potter et la Chambre des Secrets
95%
Profession Propriétaire de Barjow et Beurk
92%
Lieu de rencontre avec Harry Potter Barjow et Beurk, Allée des Embrumes
85%
Acteur l'interprétant dans les films Edward Tudor-Pole
15%
Aucun quiz correspondant
Distribution des résultats
% des personnes avec chaque résultat
Percentile par nombre de réponses
Votre historique - résultats
Vous n’avez pas pris ce quiz